La Plaza Mayor de Santiago de Guatemala hacia 1678 (Record no. 7606)
[ view plain ]
| 000 -CABECERA | |
|---|---|
| campo de control de longitud fija | 00960nam a2200289 a 4500 |
| 001 - NÚMERO DE CONTROL | |
| campo de control | BRCA_7936 |
| 005 - FECHA Y HORA DE LA ÚLTIMA TRANSACCIÓN | |
| campo de control | 20190320210047.0 |
| 008 - DATOS DE LONGITUD FIJA--INFORMACIÓN GENERAL | |
| campo de control de longitud fija | 070314s1969----gt-a###f##---#001-0#spa-# |
| 041 ## - CÓDIGO DE LENGUA | |
| Código de lengua del texto/banda sonora o título independiente | spa |
| 044 ## - CÓDIGO DEL PAÍS DE LA ENTIDAD EDITORA/PRODUCTORA | |
| Código MARC del país | gt |
| 050 #4 - SIGNATURA TOPOGRÁFICA DE LA BIBLIOTECA DEL CONGRESO | |
| Número de clasificación | NA776 |
| Número de documento/Ítem | .L83 |
| -- | 1969 |
| 100 1# - ENTRADA PRINCIPAL--NOMBRE DE PERSONA | |
| Nombre de persona | Luján Muñoz, Luis |
| 9 (RLIN) | 1328 |
| 245 10 - MENCIÓN DE TÍTULO | |
| Título | La Plaza Mayor de Santiago de Guatemala hacia 1678 |
| Mención de responsabilidad, etc. | Luis Luján Muñoz ; viñetas de Irma de Luján y Haroldo Robles. |
| 260 ## - PUBLICACIÓN, DISTRIBUCIÓN, ETC. | |
| Lugar de publicación, distribución, etc. | Guatemala |
| Nombre del editor, distribuidor, etc. | Instituto de Antropología e Historia |
| Fecha de publicación, distribución, etc. | 1969 |
| 300 ## - DESCRIPCIÓN FÍSICA | |
| Extensión | 57 p. |
| Otras características físicas | il., 11 láminas |
| Dimensiones | 22 cm. |
| 500 ## - NOTA GENERAL | |
| Nota general | 3021 |
| 500 ## - NOTA GENERAL | |
| Nota general | Publicación especial No. 3 |
| 500 ## - NOTA GENERAL | |
| Nota general | Dedicatoria del autor al señor Franz Mayer |
| 504 ## - NOTA DE BIBLIOGRAFÍA, ETC. | |
| Nota de bibliografía, etc. | Bibliografía p.57 |
| 650 14 - PUNTO DE ACCESO ADICIONAL DE MATERIA--TÉRMINO DE MATERIA | |
| Término de materia o nombre geográfico como elemento de entrada | Arquitectura colonial |
| Subdivisión geográfica | Guatemala |
| 9 (RLIN) | 19646 |
| 650 14 - PUNTO DE ACCESO ADICIONAL DE MATERIA--TÉRMINO DE MATERIA | |
| Término de materia o nombre geográfico como elemento de entrada | Arte colonial |
| Subdivisión geográfica | Guatemala |
| 9 (RLIN) | 19647 |
| 650 14 - PUNTO DE ACCESO ADICIONAL DE MATERIA--TÉRMINO DE MATERIA | |
| Término de materia o nombre geográfico como elemento de entrada | Arte decorativo |
| Subdivisión geográfica | Guatemala |
| 9 (RLIN) | 19648 |
| 700 1# - PUNTO DE ACCESO ADICIONAL--NOMBRE DE PERSONA | |
| Nombre de persona | Luján, Irma de |
| 9 (RLIN) | 19649 |
| 700 1# - PUNTO DE ACCESO ADICIONAL--NOMBRE DE PERSONA | |
| Nombre de persona | Robles, Haroldo |
| 9 (RLIN) | 19650 |
| 902 ## - CATALOGADOR | |
| Iniciales | GFM |
| 942 ## - ELEMENTOS DE PUNTO DE ACCESO ADICIONAL (KOHA) | |
| Fuente del sistema de clasificación o colocación | Library of Congress Classification |
| Tipo de ítem Koha | Libros |
| Estado de retiro | Estado de pérdida | Estado dañado | No para préstamo | Localización permanente | Ubicación/localización actual | Fecha de adquisición | Número de inventario | Total de préstamos | Signatura topográfica completa | Código de barras | Fecha visto por última vez | Precio válido a partir de | Tipo de ítem Koha |
|---|---|---|---|---|---|---|---|---|---|---|---|---|---|
| El ejemplar forma parte de la colección y puede ser consultado según las políticas vigentes. | Biblioteca del Museo Franz Mayer (Rogerio Casas-Alatriste) | Biblioteca del Museo Franz Mayer (Rogerio Casas-Alatriste) | 07/03/2014 | 3021 | NA776 .L83 1969 (3021) | 8547 | 22/03/2019 | 22/03/2019 | Libros |